000
00178nam a22000857a 4500
008
141020t xxu||||| |||| 00| 0 eng d
245
_a
plant biology
300
_a
000
942
_2
ddc
_c
BK
999
_c
17177
_d
17177